Statistiken für WWE Womens Tag Team Championship

Klicken Sie hier um das Quiz zu spielen!

Allgemein

  • Dieses Quiz wurde 10 mal gespielt
  • Das Durchschnittsergebnis liegt bei 2 aus 18

Antwortstatistiken

Last reignTimes as champLast reign in daysTag Team% Korrekt
Present271-Kabuki Warriors
60%
2020285Bayley and Sasha Banks
50%
2022146Sasha Banks and Naomi
20%
2020262Alexa Bliss and Nikki Cross
10%
2021141Asuka and Charlotte Flair
10%
20231154Chelsea Green and Piper Niven
10%
20232114Damage Control
10%
20191120The Ilconics
10%
202214Alexa Bliss and Asuka
0%
2023141Becky Lynch and Lita
0%
2024138Katana Chance and kayden carter
0%
20211129Natalya and Tamina
0%
20221131Queen Zelina and Carmella
0%
2022113Raquel Rodriguez and aliyah
0%
2023216Raquel Rodriguez and Liv Morgan
0%
2021163Rhea Ripley and Nikki A.S.H.
0%
2023132Ronda Rousey and Shayna Baszler
0%
20212103Shayna Baszler and Nia Jax
0%

Verteilung der Resultate

Perzentil nach korrekt beantworteten Fragen

Anzahl Personen mit jedem Resultat

Ihre Resultats-Entwicklung

Sie haben dieses Quiz noch nicht gespielt